| 000 | 00541nam a2200193Ia 4500 | ||
|---|---|---|---|
| 005 | 20250522104233.0 | ||
| 008 | 008 250516s9999 xx 000 0 eng d | ||
| 020 | _a9781788739771 | ||
| 040 |
_aSDCL _beng _cSDCL |
||
| 041 |
_aeng _2eng |
||
| 084 |
_aY:1.1'P, R1 _qSDCL |
||
| 100 |
_aGornick, Vivian _9612932 |
||
| 245 | 0 |
_aTaking a long look : _bEssays on culture, literature and feminism in our time |
|
| 260 |
_aLondon: _bBloomsbury, _c2021. |
||
| 300 | _axi,288p. | ||
| 365 |
_aUKP _b16.99 |
||
| 650 | _aEnglish | ||
| 942 | _cTEXL | ||
| 999 |
_c1429641 _d1429641 |
||